Search For Human Understanding : A Reader in Psychology (Record no. 482688)

MARC details
000 -LEADER
fixed length control field 00841nam a2200241Ia 4500
008 - FIXED-LENGTH DATA ELEMENTS--GENERAL INFORMATION
fixed length control field 100315s9999 xx 000 0 und d
020 ## - INTERNATIONAL STANDARD BOOK NUMBER
International Standard Book Number 987654321 
040 ## - CATALOGING SOURCE
Transcribing agency ENGLISH 
082 ## - DEWEY DECIMAL CLASSIFICATION NUMBER
Item number 7953 
Classification number 150.8 
100 ## - MAIN ENTRY--PERSONAL NAME
Personal name "Merbaum, Michael, Stricker, George "
245 ## - TITLE STATEMENT
Title Search For Human Understanding : A Reader in Psychology
260 ## - PUBLICATION, DISTRIBUTION, ETC. (IMPRINT)
Place of publication, distribution, etc New York 
Name of publisher, distributor, etc "Holt Rinehart and Winston, Inc  "
Date of publication, distribution, etc 1975 
300 ## - PHYSICAL DESCRIPTION
Extent "X, 421  "
365 ## - TRADE PRICE
Price note Rupees 
Unit of pricing
Price amount 0.00 
366 ## - TRADE AVAILABILITY INFORMATION
Publishers' discount category
505 ## - FORMATTED CONTENTS NOTE
Miscellaneous information Jaya Nikhade 
530 ## - ADDITIONAL PHYSICAL FORM AVAILABLE NOTE
Availability source Donared By RBI Library  
620 ## -
-- "The Great Psychologists, Learning for Memory, Intelligence,The Human Body "
630 ## - SUBJECT ADDED ENTRY--UNIFORM TITLE
Uniform title Search For Human Understanding : A Reader in Psychology
650 ## - SUBJECT ADDED ENTRY--TOPICAL TERM
Topical term or geographic name as entry element PSYCHOLOGY 
730 ## - ADDED ENTRY--UNIFORM TITLE
Uniform title Search For Human Understanding : A Reader in Psychology
942 ## - ADDED ENTRY ELEMENTS (KOHA)
Koha item type Book
Holdings
Withdrawn status Lost status Damaged status Not for loan Home library Current library Date acquired Cost, normal purchase price Total Checkouts Full call number Barcode Date last seen Price effective from Koha item type
        Dr. V. N. Bedekar Institute of Management Studies Library Dr. V. N. Bedekar Institute of Management Studies Library 05/06/2009 0.00   150.8 /MER/STR  7953  VPMBRIMS-7953  03/19/2010 03/19/2010 Book